|
|
|
|
| LEADER |
00942nta a2200229 i 4500 |
| 001 |
dokt5204 |
| 005 |
20200121132148.0 |
| 008 |
200121s2006 hu om 0|| hun d |
| 040 |
|
|
|a SZTE Doktori Repozitórium
|b hun
|
| 041 |
|
|
|a hun
|
| 100 |
1 |
|
|a Juhász Ákos
|
| 245 |
1 |
0 |
|a Néhány fekete Aspergillus faj mitokondriális genom vizsgálata
|h [elektronikus dokumentum] /
|c Juhász Ákos
|
| 260 |
|
|
|c 2006
|
| 502 |
|
|
|a Disszertacio
|
| 650 |
|
4 |
|a biológiai tudományok
|
| 650 |
|
4 |
|a Biológiai tudományok
|
| 695 |
|
|
|a Biológia
|
| 700 |
0 |
1 |
|a Kevei Ferenc
|e ths
|
| 700 |
0 |
2 |
|a Kozma-Bognárné Hamari Zsuzsanna
|e ths
|
| 856 |
4 |
0 |
|u https://doktori.bibl.u-szeged.hu/id/eprint/5204/1/2006_juhasz_akos.pdf
|z Dokumentum-elérés
|
| 856 |
4 |
0 |
|u https://doktori.bibl.u-szeged.hu/id/eprint/5204/2/2006_juhasz_akos_tezis_hun.pdf
|z Dokumentum-elérés
|
| 856 |
4 |
0 |
|u https://doktori.bibl.u-szeged.hu/id/eprint/5204/3/2006_juhasz_akos_biralat.pdf
|z Dokumentum-elérés
|